Bibliotheque de L"Ecole Nationale Superieure des Mines. Catalogue: Tome 1-2
| Sprache: | Französisch |
|---|---|
| Veröffentlicht: |
Paris, Imprimerie Nationale, 1899-1900
|
| Format: | MixedMaterials Buch |
| KOHA link: | https://koha.lib.tpu.ru/cgi-bin/koha/opac-detail.pl?biblionumber=263543 |
MARC
| LEADER | 00000nam1a2200000 4500 | ||
|---|---|---|---|
| 001 | 263543 | ||
| 005 | 20231031222434.0 | ||
| 035 | |a (RuTPU)RU\TPU\book\286528 | ||
| 090 | |a 263543 | ||
| 100 | |a 20140609d1899 m y0rusy50 ca | ||
| 101 | 0 | |a fre | |
| 102 | |a FR | ||
| 200 | 1 | |a Bibliotheque de L"Ecole Nationale Superieure des Mines. Catalogue |e Tome 1-2 | |
| 210 | |a Paris |c Imprimerie Nationale |d 1899-1900 | ||
| 541 | 1 | |a Библиотека Высшей национальной горной школы. Каталог |z fre | |
| 801 | 1 | |a RU |b 63413507 |c 20140609 | |
| 801 | 2 | |a RU |b 63413507 |c 20140610 |g RCR | |
| 942 | |c BK | ||